TES primary.

Збережено в:
Бібліографічні деталі
Формат: Журнал
Мова:English
Опубліковано: London : Times Supplements, [1998-.
Предмети:
LEADER 01701cas a2200397 a 4500
001 c000286894
003 CARM
005 20080924111949.0
008 980224c19989999enkmr p 0 a0eng d
019 1 |a 13690323  |5 LACONCORD2021 
035 |a (OCoLC)38933971  |5 LACONCORD2021 
040 |a SUSA  |b eng  |c SUSA  |d NWU 
043 |a e-uk--- 
082 0 4 |a 372.05  |2 21 
082 0 4 |a 372  |2 21 
222 0 |a TES primary 
245 0 0 |a TES primary. 
246 3 3 |a Times educational supplement primary 
260 |a London :  |b Times Supplements,  |c [1998-. 
300 |a v. :  |b ill. ;  |c 30 cm. 
310 |a Monthly 
362 0 |a 23rd Jan. 1998- 
500 |a Cover title. 
500 |a "The monthly magazine free with the TES". 
650 0 |a Education, Primary  |x Periodicals. 
650 0 |a Education, Primary  |z Great Britain  |x Periodicals. 
772 0 |t Times educational supplement  |x 0040-7887  |w B12654620. 
852 8 |b CARM  |h A3:AR38C0  |i F05229  |p 0494083  |f SE 
852 8 |b CARM  |h A3:AR38C0  |i F05229  |p 0494085  |f SE 
852 8 |b CARM  |h A3:AR38C0  |i F05229  |p 0494087  |f SE 
866 0 |a (1998:01:23)-(2000:02:25) Inc. 
866 0 |a (1998:01:23)-(2000:02:25) Inc. 
999 f f |i bd948434-ff9c-50be-b649-3e67f8581b4f  |s 0d8ee6c8-c6f2-5630-9822-2dcf479d8a4f 
952 f f |p Can circulate  |a CAVAL  |b CAVAL  |c CAVAL  |d CARM 1 Store  |e F05229  |f A3:AR38C0  |h Other scheme  |i book  |k (1999:01:22)-(1999:06:25);(1999:08:27)-(1999:11:26)  |m 0494085 
952 f f |p Can circulate  |a CAVAL  |b CAVAL  |c CAVAL  |d CARM 1 Store  |e F05229  |f A3:AR38C0  |h Other scheme  |i book  |k (1998:01:23)-(1998:05:22);(1998:07:17);(1998:09:25)-(1998:11:27)  |m 0494083 
952 f f |p Can circulate  |a CAVAL  |b CAVAL  |c CAVAL  |d CARM 1 Store  |e F05229  |f A3:AR38C0  |h Other scheme  |i book  |k (2000:01:28)-(2000:02:25)  |m 0494087